| 000 | 01653nam a22003377a 4500 | ||
|---|---|---|---|
| 005 | 20240611085556.0 | ||
| 008 | 240611t ||||| |||| 00| 0 spa d | ||
| 020 | _a9789870112495 | ||
| 020 | _a9789870114307 | ||
| 040 |
_aCO-BoUCM _cDavid Moreno _dDavid Moreno |
||
| 041 | _aspa | ||
| 100 | 1 |
_aDarahuge, Maria Elena _9181240 |
|
| 245 | 1 | 0 |
_aManual de informatica forense _bPrueba Indiciaria informatico Forense _cMaria Elena Darahuge, Luis E. Arellano Gonzalez |
| 250 | _aPrimera edicion | ||
| 260 |
_aBuenos Aires _bErrepar _c2011 |
||
| 300 | _a2 Volumenes | ||
| 500 | _aIncluye DVD con la Distribuccion Huemul (Herramienta informatica forense de software libre) | ||
| 501 | _aTomo 1 . Bases metodologicas: cientificas, sistemicas, criminalistica, tecnologica-pericial y marco legal | ||
| 501 | _aTomo 2 . Bases teoricas complementarias. Medologia suplementaria: computacion movil (table, celulares, iphone, ipad, ipod, gps, mac,imagenes,audio, video, android, cd, dvd | ||
| 504 | _aIncluye referencias bibliográficas e índices | ||
| 650 | 1 | 4 |
_aCriminalística _xInformática forense _9181241 |
| 650 | 1 | 4 |
_aTecnología pericial _xMarco legal _9181242 |
| 650 | 1 | 4 |
_aSeguridad informática _xProtección de datos _9181243 |
| 650 | 1 | 4 |
_aDerecho probatorio _xIndicios _9181244 |
| 650 | 1 | 4 |
_aMetodologías científicas _xInvestigación criminal _9181245 |
| 650 | 1 | 4 |
_aMetodologías sistemáticas _xPeritaje informático _9181246 |
| 700 | 1 |
_aArellano Gonzalez, Luis _9181247 |
|
| 700 | 1 |
_aDel Gener, Jorge Omar _eprólogo _9181248 |
|
| 942 |
_2DEWEY _a8 _cLIBRO _e1 _h363.25968 _mD213m _n0 |
||
| 999 |
_c324330 _d324330 |
||